Status Quo Effects in Fairness Games: Reciprocal Responses To Acts of Commission Versus Acts of Omission
Status quo a skutky nedbanlivosti, ktoré ho podporujú. Toto rozlišovanie má zásadný význam, pokiaľ ide o recipročné opatrenia. Štylizovaná skutočnosť každodenného života spočíva v tom, že úkony Komisie vyvolávajú silnejšie vzájomné reakcie, než akty nedbanlivosti. Testovanie experimentov, ktoré pria...
Uložené v:
| Hlavný autor: | |
|---|---|
| Ďalší autori: | , |
| Médium: | Kapitola |
| Jazyk: | English |
| Predmet: | |
| Tagy: |
Žiadne tagy, Buďte prvý, kto otaguje tento záznam!
|
MARC
| LEADER | 00000nla a2200000 4500 | ||
|---|---|---|---|
| 001 | 0246770 | ||
| 005 | 20250423090336.7 | ||
| 041 | 0 | |a eng | |
| 044 | |a NL | ||
| 245 | 1 | 0 | |a Status Quo Effects in Fairness Games: Reciprocal Responses To Acts of Commission Versus Acts of Omission |c Maroš Servátka, James C. Cox, Radovan Vadovič |
| 520 | |a Status quo a skutky nedbanlivosti, ktoré ho podporujú. Toto rozlišovanie má zásadný význam, pokiaľ ide o recipročné opatrenia. Štylizovaná skutočnosť každodenného života spočíva v tom, že úkony Komisie vyvolávajú silnejšie vzájomné reakcie, než akty nedbanlivosti. Testovanie experimentov, ktoré priamo testujú toto štylizované faktické charakteristické správanie v kontrolovaných experimentoch. | ||
| 610 | 2 | 0 | |a teórie ekonomické |
| 610 | 2 | 0 | |a reciprocita |
| 610 | 2 | 0 | |a experimenty |
| 610 | 2 | 0 | |a spravodlivosť |
| 100 | 1 | |a Servátka, Maroš, 1976- | |
| 700 | 1 | |a Cox, James C. | |
| 700 | 1 | |a Vadovič, Radovan | |